000 00626nam a22002057a 4500
999 _c15854
_d15854
003 AR-CdUCM
008 190430b ||||| |||| 00| 0 spa d
040 _aMUNICIPALIDAD PROVINCIAL DEL CUSCO
_cBIBLIOTECA MUNICIPAL DEL CUSCO
082 _aPI / 372.64 /
_bP71
245 _aPocahontas /
260 _aPerú :
_bNavarrete.
300 _bilustraciones,
_c34 cm.
440 _aCuentos Clásicos.
_934381
650 _aCuentos infantiles
_93927
650 _aAprendizaje
_92143
650 _aTextos infantiles
_933764
710 _aCorporación Gráfica Navarrete.
_933296
942 _2ddc
_cLIBROS
945 _aachl
_d2019-04-30